000 01037nmm a2200337 a 4500
001 ocm0001256707
003 TR-IsHL
005 20201028160228.0
008 150709s2015 tu tur
007 cr cn
020 _a9789753558594
035 _a1256707
_b(N$T)
050 0 4 _aBP173.25
_b.S49 2015
090 0 4 _aBP173.25
_b.S49 2015
100 1 _aSezen, Yümni
245 1 0 _aKültür ve din: Türk - İslam örneği
_h[electronic resource] /
_cYümni Sezen
250 _a2. basım
260 _aİstanbul :
_bİz Yayıncılık,
_c2015
300 _a205 p.
500 _aKaynakça ve dizin var.
_x
650 4 _aSosyoloji
650 4 _aSociology
650 0 _aİslam sosyolojisi
650 0 _aIslamic sociology
650 0 _aİslam
_xSosyal yönleri
650 0 _aIslam
_xSocial aspects
650 0 _aSosyal değişim
650 0 _aSocial change
650 7 _aSOCIAL SCIENCE / Islamic Studies
_2bisacsh
856 4 0 _uhttp://search.ebscohost.com/login.aspx?direct=true&scope=site&db=e011xww&AN=1256707
999 _c13494
_d13494